000
00286nam a22001217a 4500
008
250307b |||||||| |||| 00| 0 eng d
020
_a
978-93-80231-31-0
100
_a
R Singh
245
_a
Social Economic Offences
260
_a
Haryana
_b
ALA
_c
2022
300
_a
464
942
_2
ddc
_c
BK
999
_c
21284
_d
21284